00707 a2200193 4500003000500000005001700005040000900022082001000031100002600041245012700067260003700194300001000231538002200241650001600263942000800279999001900287952010300306952010400409Nust20170207153159.0 cNust a005.1 aAhmed, Zaheer MSCS aCCESMES Comprehensive Cost Estimation System For Military Engineering ServicescZaheer Ahmed and D.M Akber Hussain MSCS aRawalpindibMCS, NUSTcMar, 2000 a96 p. aT1 and Shelf No 3 aMSCS Thesis cTHS c180880d180880 00102ddc40708NFICaMCSbMCSd2016-12-12l0o005.1 AHMpMCSTCS-12r2016-12-08w2016-12-12yBK 00102ddc40708NFICaMCSbMCSd2016-12-12l0o005.1 AHMpMCSTCS-172r2016-12-08w2016-12-12yBK